00736nam a22001697a 4500003000900000008004100009040007100050082002500121100001700146245003200163260004400195300002800239505023300267650002900500650002400529650001300553AR-CdUCM190329b ||||| |||| 00| 0 spa d aMUNICIPALIDAD PROVINCIAL DEL CUSCOcBIBLIOTECA MUNICIPAL DEL CUSCO a335.41 /bM26 / 1933 aMarx, Carlos aMiseria de la filosofía / aSantiago de Chile :bVanguardia,c1933. a126 páginas ;c19 cm. aContenido: Oposición del valor de utilidad y del valor del cambio -- El valor constituido o el valor sisntético -- Aplicación de la ley de las proporcionalidades del valor -- La metafísica de la economía política ... aMaterialismo histórico aEconomía marxista aMarxismo